000 00312nam a2200121Ia 4500
008 240731s9999 xx 000 0 und d
022 _a1479-5809
245 0 _aCritical Studies in Media Communication
260 _bRoutledge
856 _uhttps://www.tandfonline.com/loi/rcsm20
942 _2ddc
942 _cTFEJ
999 _c76157
_d76157
945 _a1
_bMadushi Gamage
_c1
_dMadushi Gamage